000 00456nam a2200145Ia 4500
008 151213s9999 xx 000 0 und d
100 _aজারাশব্দ
245 _aছায়াতীর।
_cজারাশব্দ
260 _aলাহোর।
_bইফনিক পাবলিকেশন্স।
_c1969
300 _a8458 p.
650 _aBangla
650 _aBengali Literature
700 _aজারাশব্দ
999 _c4296
_d4296